=LDR 00000nam 2200000 4500 =001 NUTBA000000000004657 =005 20210510094721 =035 ##$$a 0010-091400000000690 =008 210510################g##########0#ind## =020 ##$$a 978-602-9108-37-8 =082 ##$$a 340.1 =100 #$$a Rizky Pratama Juarsa =245 1#$$a Norma-norma di sekitar kita /$c Rizky Pratama Juarsa =250 ##$$a Cet.1 =260 ##$$a Bandung :$b Media Sarana Cerdas,$c 2012 =300 ##$$a v,66 Hlm : $b ilus ; $c 23 x 16 cm =084 ##$$a 340.1 RIZ n =650 #4$$a Norma =990 ##$$a 0001/BPAP-NTB/20142014 =990 ##$$a 0001/BPAP-NTB/20142014 =990 ##$$a 0001/BPAP-NTB/20142015 =990 ##$$a 21304590 =990 ##$$a 21304591 =990 ##$$a 0001/BPAP-NTB/20142014 =990 ##$$a 0001/BPAP-NTB/20142014 =990 ##$$a 21304590 =990 ##$$a 21304592 =990 ##$$a 0001/BPAP-NTB/20142014 =990 ##$$a 21304591 =990 ##$$a 21304590 =990 ##$$a 21304589 =990 ##$$a 21304592 =990 ##$$a 21304591 =990 ##$$a 21304590 =990 ##$$a 03070307 =990 ##$$a 21304593 =990 ##$$a 21304592 =990 ##$$a 21304589 =990 ##$$a 21304591 =990 ##$$a 21304590 =990 ##$$a 21304590 =990 ##$$a 21304592 =990 ##$$a 21304589 =990 ##$$a 21304591 =990 ##$$a 21304593